[Event "Paleochora op 13th"]
[White "Pelantakis, Mihail"]
[Black "Tsiamis, Konstantinos"]
[Site "Paleochora"]
[Round "4"]
[Result "0-1"]
[Date "2020.07.20"]
[WhiteElo "1939"]
[BlackElo "2226"]
[PlyCount "96"]
[EventDate "2020.07.18"]
[EventType "swiss"]
[EventRounds "9"]
[EventCountry "GRE"]
[SourceTitle "EXT 2021"]
[Source "ChessBase"]
[SourceDate "2020.10.23"]
[SourceVersion "1"]
[SourceVersionDate "2020.10.23"]
[SourceQuality "1"]

1. Nf3 d5 2. e3 c6 3. c4 e6 4. Nc3 f5 5. d4 Nf6 6. Bd3 Bd6 7. 0-0 0-0 8. b3 Ne4 9. Bb2 Nd7 10. Ne2 Qf6 11. a4 a5 12. Ba3 Bxa3 13. Rxa3 b6 14. Ra2 Bb7 15. Rc2 g5 16. Qa1 Qh6 17. Qa3 Rf7 18. b4 g4 19. Nd2 axb4 20. Qxb4 c5 21. Qb3 cxd4 22. cxd5 Ndc5 23. Qxb6 Nxd3 24. dxe6 Re7 25. Nxd4 Rf8 26. Qb5 g3 27. hxg3 Nxg3 28. fxg3 Qxe3+ 29. Kh2 Qh6+ 30. Kg1 Qe3+ 31. Kh2 Qxd4 32. Rxf5 Rxf5 33. Qxf5 Ne5 34. Nb3 Qe4 35. Qg5+ Ng6 36. Rd2 Qxa4 37. Rd8+ Kg7 38. Nd4 Be4 39. g4 Qc4 40. Rd7 Rxd7 41. exd7 Qc7+ 42. g3 Qxd7 43. Nf5+ Kf7 44. Qh6 Kg8 45. Qg5 Qd1 46. Nh6+ Kg7 47. Nf5+ Kf7 48. Nh6+ Ke6 0-1

[Event "GRE-chT 40th"]
[White "Tsiamis, Konstantinos"]
[Black "Nikolaou, Georgios"]
[Site "Achaia"]
[Round "7.10"]
[Result "1-0"]
[Date "2012.07.05"]
[WhiteElo "2259"]
[BlackElo "2231"]
[PlyCount "59"]
[EventDate "2012.06.30"]
[EventType "team-swiss"]
[EventRounds "7"]
[EventCountry "GRE"]
[SourceTitle "CBM 149 Extra"]
[Source "ChessBase"]
[SourceDate "2012.08.24"]
[SourceVersion "1"]
[SourceVersionDate "2012.08.24"]
[SourceQuality "1"]
[WhiteTeam "Korydallos"]
[BlackTeam "Panathlitikos Sykeon"]
[WhiteTeamCountry "GRE"]
[BlackTeamCountry "GRE"]

1. d4 Nf6 2. c4 g6 3. Nc3 Bg7 4. e4 d6 5. f4 0-0 6. Nf3 c5 7. d5 e6 8. Be2 exd5 9. cxd5 Bg4 10. 0-0 Nbd7 11. h3 Bxf3 12. Bxf3 Re8 13. g4 h6 14. Qc2 c4 15. Be3 Qa5 16. Rae1 Nc5 17. Bxc5 Qxc5+ 18. Kh1 Nd7 19. e5 dxe5 20. Ne4 Qb6 21. f5 Rac8 22. d6 Red8 23. fxg6 fxg6 24. Rd1 Nf8 25. g5 h5 26. Bg2 Qb5 27. Rxf8+ Bxf8 28. d7 Rc6 29. Nd6 Kh7 30. Nxb5 1-0

[Event "GRE-chT 40th"]
[White "Tsiamis, Konstantinos"]
[Black "Koursaris, Nikolaos"]
[Site "Achaia"]
[Round "3.6"]
[Result "1-0"]
[Date "2012.07.01"]
[WhiteElo "2259"]
[BlackElo "1800"]
[PlyCount "53"]
[EventDate "2012.06.30"]
[EventType "team-swiss"]
[EventRounds "7"]
[EventCountry "GRE"]
[SourceTitle "CBM 149 Extra"]
[Source "ChessBase"]
[SourceDate "2012.08.24"]
[SourceVersion "1"]
[SourceVersionDate "2012.08.24"]
[SourceQuality "1"]
[WhiteTeam "Korydallos"]
[BlackTeam "Elefsinas STM"]
[WhiteTeamCountry "GRE"]
[BlackTeamCountry "GRE"]

1. d4 d5 2. c4 e6 3. Nc3 Nf6 4. cxd5 exd5 5. Bg5 Be7 6. e3 0-0 7. Bd3 c6 8. Qc2 Nbd7 9. Nge2 Re8 10. f3 Nf8 11. 0-0 h6 12. Bh4 Bd6 13. Bxf6 gxf6 14. e4 Ne6 15. Kh1 Bc7 16. exd5 cxd5 17. f4 Ng7 18. f5 a6 19. Rf3 b5 20. a3 Bb7 21. Rh3 h5 22. Qd2 Qd6 23. Rf1 Qf8 24. Qh6 Qe7 25. Nf4 Bxf4 26. Rxf4 Rac8 27. Rg3 1-0

[Event "Heraklion op"]
[White "Tsiamis, Konstantinos"]
[Black "Petrakis, Ilias"]
[Site "Heraklion"]
[Round "4"]
[Result "0-1"]
[Date "2011.06.14"]
[WhiteElo "2277"]
[BlackElo "2210"]
[PlyCount "68"]
[EventDate "2011.06.11"]
[EventType "swiss"]
[EventRounds "9"]
[EventCountry "GRE"]
[SourceTitle "CBM 142 Extra"]
[Source "ChessBase"]
[SourceDate "2011.06.27"]
[SourceVersion "1"]
[SourceVersionDate "2011.06.27"]
[SourceQuality "1"]

1. d4 Nf6 2. c4 c5 3. d5 e6 4. Nc3 exd5 5. cxd5 Bd6 6. g3 Bc7 7. Bg2 d6 8. Nf3 0-0 9. 0-0 a6 10. a3 Ba5 11. Nd2 b5 12. e4 Re8 13. Re1 Ra7 14. Rb1 Rae7 15. b4 cxb4 16. axb4 Bb6 17. Nf1 Qc7 18. Qb3 Bd4 19. Ne2 Bb6 20. Nc3 Nbd7 21. Be3 Ne5 22. Bxb6 Qxb6 23. Ne3 Nd3 24. Re2 Nxf2 25. Kxf2 Ng4+ 26. Kf3 Nxh2+ 27. Kf2 Ng4+ 28. Kf3 f5 29. Kf4 Qd4 30. Nxf5 Bxf5 31. Rbe1 Qe5+ 32. Kf3 Rf8 33. Bh3 Bxe4+ 34. Kxg4 Bf3+ 0-1

[Event "GRE-chT Div-A 38th"]
[White "Tsiamis, Konstantinos"]
[Black "Vuilleumier, Alexandre"]
[Site "Peristeri"]
[Round "6"]
[Result "1/2-1/2"]
[Date "2010.07.10"]
[WhiteElo "2290"]
[BlackElo "2361"]
[PlyCount "88"]
[EventDate "2010.07.05"]
[EventType "team-swiss"]
[EventRounds "7"]
[EventCountry "GRE"]
[SourceTitle "CBM 137 Extra"]
[Source "ChessBase"]
[SourceDate "2010.09.01"]
[SourceVersion "1"]
[SourceVersionDate "2010.09.01"]
[SourceQuality "1"]

1. d4 Nf6 2. c4 e6 3. Nc3 Bb4 4. f3 c5 5. d5 d6 6. e4 Bxc3+ 7. bxc3 e5 8. Bd3 Nbd7 9. Ne2 h6 10. Bc2 Qe7 11. Ba4 0-0 12. Bxd7 Bxd7 13. g4 Kh7 14. Ng3 Ng8 15. h4 g6 16. a4 f5 17. h5 fxg4 18. hxg6+ Kxg6 19. fxg4 Rf4 20. Bxf4 exf4 21. Qd3 fxg3 22. e5+ Kg7 23. e6 g2 24. Rg1 Qh4+ 25. Kd2 Rf8 26. exd7 Rf2+ 27. Kc1 Qh2 28. Rd1 g1Q 29. d8Q Qf4+ 30. Kb1 Qxd1+ 31. Qxd1 Qe4+ 32. Kc1 Qe3+ 33. Kb1 Qe4+ 34. Kc1 Qe3+ 35. Kb1 Rd2 36. Qd7+ Kh8 37. Qxd2 Qxd2 38. Qxb7 Nf6 39. Qb8+ Kg7 40. Qc7+ Kg6 41. Qxd6 Qxc3 42. Qf4 Qb3+ 43. Kc1 Qc3+ 44. Kb1 Qb3+ 1/2-1/2

[Event "GRE-chT Div-A 38th"]
[White "Aggelis, Nikolaos"]
[Black "Tsiamis, Konstantinos"]
[Site "Peristeri"]
[Round "1"]
[Result "1-0"]
[Date "2010.07.05"]
[WhiteElo "2329"]
[BlackElo "2290"]
[PlyCount "99"]
[EventDate "2010.07.05"]
[EventType "team-swiss"]
[EventRounds "7"]
[EventCountry "GRE"]
[SourceTitle "CBM 137 Extra"]
[Source "ChessBase"]
[SourceDate "2010.09.01"]
[SourceVersion "1"]
[SourceVersionDate "2010.09.01"]
[SourceQuality "1"]

1. d4 d5 2. Nf3 c6 3. c4 e6 4. Nc3 Nf6 5. Bg5 Nbd7 6. cxd5 exd5 7. e3 Be7 8. Bd3 0-0 9. Qc2 Re8 10. 0-0 h6 11. Bf4 Nf8 12. Rab1 Ne6 13. Bg3 a5 14. a3 b6 15. b4 axb4 16. axb4 Bb7 17. Rfc1 Nd7 18. Nd2 b5 19. Na2 Nb6 20. Nb3 Nc4 21. Bxc4 dxc4 22. Nc5 Nxc5 23. bxc5 Ra3 24. Nc3 Qa5 25. Ne4 Ra8 26. h3 Bc8 27. Bd6 Bd8 28. Ng3 c3 29. d5 Bd7 30. Qe4 Ra6 31. Nh5 g6 32. Nf4 Ra4 33. Qe5 Rc4 34. dxc6 Bxc6 35. Nxg6 fxg6 36. Qe6+ Kg7 37. Be5+ Kf8 38. Qxg6 Be4 39. Qg7+ Ke8 40. Qg8+ Ke7 41. Bd6+ Kf6 42. Qf8+ Kg6 43. Qe8+ Kg7 44. Rxb5 Qa3 45. Qf8+ Kg6 46. Qg8+ Kf6 47. Qxd8+ Kg6 48. Qe8+ Kf6 49. Qe7+ Kg6 50. Qe6+ 1-0

[Event "GRE-chT 37th"]
[White "Georgiadis, Ioannis"]
[Black "Tsiamis, Konstantinos"]
[Site "Kallithea"]
[Round "3"]
[Result "1-0"]
[Date "2009.07.05"]
[WhiteElo "2438"]
[BlackElo "2303"]
[PlyCount "117"]
[EventDate "2009.07.03"]
[EventType "tourn"]
[EventRounds "9"]
[EventCountry "GRE"]
[SourceTitle "CBM 131 Extra"]
[Source "ChessBase"]
[SourceDate "2009.09.03"]
[SourceVersion "2"]
[SourceVersionDate "2009.09.16"]
[SourceQuality "1"]

1. e4 e5 2. Nf3 Nf6 3. d4 Nxe4 4. Bd3 d5 5. dxe5 Nc5 6. 0-0 Be7 7. Nc3 c6 8. Re1 0-0 9. Nd4 Nxd3 10. Qxd3 Na6 11. Bf4 Nc5 12. Qg3 Bh4 13. Qe3 Ne6 14. Nxe6 Bxe6 15. Ne2 Be7 16. Nd4 Qd7 17. Rad1 b6 18. c3 c5 19. Ne2 f5 20. Bg5 Rad8 21. Bxe7 Qxe7 22. Nf4 Rd7 23. Rd3 Rfd8 24. Red1 g6 25. h4 Kg7 26. h5 d4 27. cxd4 cxd4 28. Qg3 g5 29. Nxe6+ Qxe6 30. Qxg5+ Kh8 31. Qf4 Re8 32. Rxd4 Rxd4 33. Qxd4 Qxe5 34. Qxe5+ Rxe5 35. h6 Kg8 36. Rd7 Re6 37. Rg7+ Kh8 38. Rxa7 Rxh6 39. Ra6 Rd6 40. Kf1 Re6 41. g3 Kg7 42. b4 Rc6 43. a4 Rc1+ 44. Ke2 Ra1 45. Kd3 Ra2 46. Kc4 f4 47. gxf4 h5 48. Kb3 Ra1 49. Rxb6 h4 50. f5 Rg1 51. a5 h3 52. f6+ Kg6 53. f7+ Kg7 54. f8Q+ Kxf8 55. Rh6 Rh1 56. Ka4 h2 57. Kb5 Ke8 58. a6 Kd8 59. a7 1-0

[Event "Athens Smaok op 1th"]
[White "Tsiamis, Konstantinos"]
[Black "Kokolias, Konstantinos"]
[Site "Athens"]
[Round "7.3"]
[Result "1-0"]
[Date "2006.12.22"]
[WhiteElo "2311"]
[BlackElo "2230"]
[PlyCount "111"]
[EventDate "2006.11.10"]
[EventType "swiss"]
[EventRounds "6"]
[EventCountry "GRE"]
[SourceTitle "EXT 2024"]
[Source "ChessBase"]
[SourceDate "2023.10.10"]
[SourceVersion "1"]
[SourceVersionDate "2023.10.10"]
[SourceQuality "1"]

1. d4 d5 2. c4 c6 3. Nf3 Nf6 4. Nc3 dxc4 5. a4 Bf5 6. Ne5 e6 7. f3 Bb4 8. e4 Bxe4 9. fxe4 Nxe4 10. Bd2 Qxd4 11. Nxe4 Qxe4+ 12. Qe2 Bxd2+ 13. Kxd2 Qd5+ 14. Kc2 Na6 15. Nxc4 b5 16. axb5 Nb4+ 17. Kc3 cxb5 18. Rd1 bxc4 19. Rxd5 Nxd5+ 20. Kd2 0-0 21. Qe5 Rac8 22. Be2 Rfd8 23. Rc1 c3+ 24. Ke1 cxb2 25. Qxb2 Rxc1+ 26. Qxc1 Nf6 27. Qc7 Ra8 28. Bf3 Re8 29. g4 h6 30. h4 Nh7 31. Bc6 Rf8 32. Qxa7 g5 33. Qe3 Rb8 34. Be4 Rb4 35. Bxh7+ Kxh7 36. hxg5 Rxg4 37. Qf3 Rxg5 38. Qxf7+ Kh8 39. Qf8+ Kh7 40. Qf7+ Kh8 41. Qxe6 Kg7 42. Kf2 Kh7 43. Kf3 Kg7 44. Kf4 Kh7 45. Qf6 Rg1 46. Qf7+ Kh8 47. Qe8+ Kh7 48. Qe4+ Kg8 49. Qa8+ Kh7 50. Qb7+ Kg8 51. Kf5 Rg7 52. Qc8+ Kh7 53. Qc2 Rg1 54. Kf6+ Kg8 55. Qh2 Rf1+ 56. Kg6 1-0

[Event "Athens Smaok op 1th"]
[White "Tsiamis, Konstantinos"]
[Black "Andronis, Vasilios"]
[Site "Athens"]
[Round "3"]
[Result "1-0"]
[Date "2006.11.24"]
[WhiteElo "2311"]
[BlackElo "2076"]
[PlyCount "120"]
[EventDate "2006.11.10"]
[EventType "swiss"]
[EventRounds "6"]
[EventCountry "GRE"]
[SourceTitle "EXT 2024"]
[Source "ChessBase"]
[SourceDate "2023.10.10"]
[SourceVersion "1"]
[SourceVersionDate "2023.10.10"]
[SourceQuality "1"]

1. d4 Nf6 2. c4 e5 3. dxe5 Ne4 4. a3 b6 5. Nf3 Bb7 6. e3 d6 7. b3 Nd7 8. exd6 Bxd6 9. Bb2 0-0 10. Be2 Qe7 11. Nbd2 Rad8 12. Nxe4 Bxe4 13. Qc1 f5 14. 0-0 f4 15. Re1 Bxf3 16. Bxf3 Qh4 17. h3 Ne5 18. Bxe5 Bxe5 19. Ra2 Qf6 20. Rae2 Bc3 21. Rf1 fxe3 22. Qxe3 Bb2 23. b4 Bd4 24. Qe7 c5 25. b5 Qf4 26. Re4 Qb8 27. Qe6+ Kh8 28. Qg4 Qd6 29. Re6 Qb8 30. Re7 Rde8 31. Rb7 Qe5 32. Rxa7 Rf4 33. Qd7 Ref8 34. Qb7 h6 35. Ra8 Qg5 36. Kh1 Qh4 37. Rxf8+ Rxf8 38. Qe4 Bxf2 39. Qxh4 Bxh4 40. Rd1 Bg3 41. Kg1 Re8 42. Kf1 Kg8 43. Be2 Rf8+ 44. Bf3 Re8 45. Be2 Rf8+ 46. Kg1 Re8 47. Bf1 h5 48. Rd7 h4 49. Rd1 Re3 50. a4 Ra3 51. Bd3 g5 52. Be2 Rxa4 53. Kf1 Ra8 54. Bh5 Rf8+ 55. Ke2 Rf2+ 56. Kd3 Rxg2 57. Ke4 Rf2 58. Bf3 Kf7 59. Rd7+ Ke8 60. Rb7 Rc2 1-0

[Event "Ambelokipi op 70th"]
[White "Tsiamis, Konstantinos"]
[Black "Koukoufikis, Alexandros"]
[Site "Athens"]
[Round "5"]
[Result "1-0"]
[Date "2006.05.20"]
[WhiteElo "2287"]
[BlackElo "2268"]
[PlyCount "50"]
[EventDate "2006.05.06"]
[EventType "swiss"]
[EventRounds "7"]
[EventCountry "GRE"]
[SourceTitle "EXT 2007"]
[Source "ChessBase"]
[SourceDate "2006.11.23"]
[SourceVersion "1"]
[SourceVersionDate "2006.11.23"]
[SourceQuality "1"]

1. d4 g6 2. c4 Bg7 3. e4 d6 4. Nc3 Nf6 5. f4 0-0 6. Nf3 c5 7. d5 e6 8. Be2 exd5 9. cxd5 Re8 10. e5 dxe5 11. fxe5 Ng4 12. Bg5 Qb6 13. 0-0 Nxe5 14. Nxe5 Bxe5 15. Bc4 Bf5 16. Nb5 a6 17. d6 axb5 18. Bxf7+ Kxf7 19. Rxf5+ Kg7 20. d7 Nxd7 21. Qxd7+ Kh8 22. Rf7 Bd4+ 23. Kh1 Qe6 24. Rf8+ Rxf8 25. Qxe6 Rxa2 1-0

[Event "Ambelokipi op 067th"]
[White "Tsiamis, Konstantinos"]
[Black "Delithanasis, Dimitrios"]
[Site "Athens"]
[Round "6"]
[Result "1/2-1/2"]
[Date "2005.12.29"]
[WhiteElo "2307"]
[BlackElo "2293"]
[PlyCount "104"]
[EventDate "2005.12.??"]
[EventType "swiss"]
[EventCountry "GRE"]
[SourceTitle "EXT 2024"]
[Source "ChessBase"]
[SourceDate "2023.10.10"]
[SourceVersion "1"]
[SourceVersionDate "2023.10.10"]
[SourceQuality "1"]

1. e4 e6 2. d4 d5 3. Nd2 a6 4. Ngf3 c5 5. dxc5 Bxc5 6. Bd3 Nc6 7. c3 Nf6 8. 0-0 0-0 9. Qc2 h6 10. exd5 exd5 11. Nb3 Bb6 12. Re1 Bg4 13. Nfd4 Rc8 14. Nxc6 Rxc6 15. Be3 Bxe3 16. Rxe3 Re6 17. Rae1 Rfe8 18. Qd2 Qb6 19. Rxe6 Rxe6 20. Rxe6 Bxe6 21. Qf4 Kf8 22. Qd4 Nd7 23. Qxb6 Nxb6 24. Nc5 Bc8 25. f4 Ke7 26. Kf2 Na8 27. Ke3 Nc7 28. b4 g6 29. Nb3 Bd7 30. Nd4 Nb5 31. Bxb5 Bxb5 32. Nf3 f6 33. g3 Bd7 34. a3 b6 35. Kd4 Kd6 36. Nh4 Be8 37. Ng2 h5 38. Ne3 Bf7 39. g4 hxg4 40. Nxg4 Ke6 41. f5+ Kxf5 42. Nh6+ Ke6 43. Nxf7 Kxf7 44. Kxd5 b5 45. c4 bxc4 46. Kxc4 Ke6 47. Kd4 g5 48. a4 f5 49. Kc4 f4 50. Kd4 f3 51. Ke3 g4 52. h4 gxh3 1/2-1/2

[Event "GRE-chT 34th"]
[White "Tsiamis, Konstantinos"]
[Black "Azis Azizis, Ektoras"]
[Site "Ermioni Argolidas"]
[Round "7"]
[Result "1-0"]
[Date "2005.07.09"]
[WhiteElo "2282"]
[BlackElo "1996"]
[PlyCount "71"]
[EventDate "2005.07.04"]
[EventType "team-tourn"]
[EventRounds "9"]
[EventCountry "GRE"]
[SourceTitle "CBM 107 Extra"]
[Source "ChessBase"]
[SourceDate "2005.09.01"]
[SourceVersion "1"]
[SourceVersionDate "2005.09.01"]
[SourceQuality "1"]

1. e4 d5 2. exd5 Qxd5 3. Nc3 Qa5 4. d4 c6 5. Bc4 Nf6 6. Nge2 Nbd7 7. 0-0 Nb6 8. Bb3 Nbd5 9. Nxd5 Nxd5 10. Bd2 Qd8 11. c4 Nf6 12. Bb4 e6 13. Bxf8 Kxf8 14. Qd2 b6 15. Rad1 Qd6 16. Ng3 Bb7 17. Bc2 h6 18. Qe2 Rd8 19. f4 g6 20. Kh1 h5 21. c5 Qe7 22. b4 h4 23. Ne4 Nxe4 24. Bxe4 Kg7 25. b5 Rc8 26. Rc1 Qd7 27. cxb6 axb6 28. Qf3 Qxd4 29. Rfd1 Qb2 30. Rb1 Qxa2 31. Rd7 cxb5 32. Rbd1 Bxe4 33. Qxe4 h3 34. Qe5+ Kh6 35. Qg5+ Kg7 36. Rxf7+ 1-0

[Event "Athens Acropolis op"]
[White "Shavtvaladze, Nikoloz"]
[Black "Tsiamis, Konstantinos"]
[Site "Athens"]
[Round "9"]
[Result "1/2-1/2"]
[Date "2005.03.14"]
[WhiteElo "2407"]
[BlackElo "2243"]
[PlyCount "64"]
[EventDate "2005.03.06"]
[EventType "swiss"]
[EventRounds "9"]
[EventCountry "GRE"]
[SourceTitle "CBM 105 Extra"]
[Source "ChessBase"]
[SourceDate "2005.05.01"]
[SourceVersion "1"]
[SourceVersionDate "2005.05.01"]
[SourceQuality "1"]

1. e4 e5 2. Nf3 Nc6 3. d4 exd4 4. Nxd4 Bb4+ 5. c3 Bc5 6. Be3 Bb6 7. Be2 Nge7 8. 0-0 0-0 9. c4 d6 10. Nc3 f5 11. Nxc6 bxc6 12. c5 dxc5 13. Bc4+ Kh8 14. Qxd8 Rxd8 15. Rad1 Rf8 16. e5 f4 17. Bc1 Bf5 18. Ne2 Ng6 19. Bxf4 Rae8 20. Bg3 Nxe5 21. Bxe5 Rxe5 22. Ng3 Be6 23. b3 Bxc4 24. bxc4 h6 25. f3 Ree8 26. Ne4 Rd8 27. Rxd8 Rxd8 28. Rc1 Rd3 29. Kf2 Ra3 30. Rc2 Ba5 31. Ke2 Bb4 32. h4 Kg8 1/2-1/2

[Event "Athens Acropolis op"]
[White "Tsiamis, Konstantinos"]
[Black "Papargiriou, Anastasios"]
[Site "Athens"]
[Round "2"]
[Result "1-0"]
[Date "2005.03.07"]
[WhiteElo "2243"]
[BlackElo "2139"]
[PlyCount "65"]
[EventDate "2005.03.06"]
[EventType "swiss"]
[EventRounds "9"]
[EventCountry "GRE"]
[SourceTitle "CBM 105 Extra"]
[Source "ChessBase"]
[SourceDate "2005.05.01"]
[SourceVersion "1"]
[SourceVersionDate "2005.05.01"]
[SourceQuality "1"]

1. d4 d5 2. c4 dxc4 3. e4 e5 4. Nf3 exd4 5. Bxc4 Nc6 6. 0-0 Be6 7. Bxe6 fxe6 8. e5 Bc5 9. Qb3 Qd7 10. Ng5 Nd8 11. Nd2 Ne7 12. Nde4 Bb6 13. Qh3 Nd5 14. f4 g6 15. Re1 0-0 16. Bd2 c5 17. a4 c4 18. a5 c3 19. axb6 cxd2 20. Rf1 a6 21. Rad1 Qe7 22. Rxd2 Nc6 23. Nxe6 Rf5 24. Nc7 Rd8 25. Nxd5 Rxd5 26. Qb3 Qe6 27. Nf6+ Rxf6 28. exf6 Na5 29. Qa2 Qe3+ 30. Kh1 Qb3 31. Qb1 Nc4 32. Qe4 Rd8 33. Qxb7 1-0

[Event "Athens Acropolis op"]
[White "Rozentalis, Eduardas"]
[Black "Tsiamis, Konstantinos"]
[Site "Athens"]
[Round "1"]
[Result "1-0"]
[Date "2005.03.06"]
[WhiteElo "2584"]
[BlackElo "2243"]
[PlyCount "107"]
[EventDate "2005.03.06"]
[EventType "swiss"]
[EventRounds "9"]
[EventCountry "GRE"]
[SourceTitle "CBM 105 Extra"]
[Source "ChessBase"]
[SourceDate "2005.05.01"]
[SourceVersion "1"]
[SourceVersionDate "2005.05.01"]
[SourceQuality "1"]

1. e4 e5 2. Nf3 Nc6 3. Bc4 Nf6 4. d3 Bc5 5. 0-0 d6 6. c3 0-0 7. Bg5 a6 8. Nbd2 Ba7 9. Re1 Ne7 10. Bxf6 gxf6 11. Nh4 Ng6 12. Ndf3 Nf4 13. d4 Kh8 14. g3 Nh3+ 15. Kg2 Qe7 16. Nf5 Bxf5 17. exf5 Ng5 18. Nd2 d5 19. Bd3 e4 20. h4 Nf3 21. Nxf3 exf3+ 22. Qxf3 Qd7 23. Re2 Rae8 24. Rae1 c6 25. Qh5 Bb6 26. Qh6 Bd8 27. b4 Kg8 28. Re3 Kh8 29. g4 Rg8 30. g5 Rxe3 31. Rxe3 Rg7 32. Kf1 Rg8 33. g6 Rg7 34. h5 Be7 35. Qf4 Rg8 36. a4 Qd8 37. Re2 Bd6 38. Qh6 Rg7 39. Qe3 Rg8 40. gxf7 Rf8 41. Qe8 Qc7 42. h6 Qxf7 43. Qxf7 Rxf7 44. Re6 Bf8 45. Re8 Kg8 46. Rb8 Rc7 47. Be2 Kf7 48. Bh5+ Kg8 49. Ke2 Re7+ 50. Kd3 Rc7 51. c4 dxc4+ 52. Kxc4 Rd7 53. Kc3 Re7 54. Bd1 1-0

[Event "Heraklio op 9th"]
[White "Tsiamis, Konstantinos"]
[Black "Managadze, Nikoloz"]
[Site "Heraklion"]
[Round "7"]
[Result "1/2-1/2"]
[Date "2005.??.??"]
[WhiteElo "2240"]
[BlackElo "2430"]
[PlyCount "120"]
[EventDate "2005.06.??"]
[EventType "swiss"]
[EventRounds "9"]
[EventCountry "GRE"]
[SourceTitle "EXT 2007"]
[Source "ChessBase"]
[SourceDate "2006.11.23"]
[SourceVersion "1"]
[SourceVersionDate "2006.11.23"]
[SourceQuality "1"]

1. e4 c5 2. Nf3 e6 3. d4 cxd4 4. Nxd4 Nf6 5. Bd3 Nc6 6. Nxc6 bxc6 7. 0-0 d5 8. Nd2 Qc7 9. Qe2 Bd6 10. h3 0-0 11. c4 dxe4 12. Nxe4 Nxe4 13. Qxe4 f5 14. Qh4 e5 15. c5 Be7 16. Bg5 Bxg5 17. Bc4+ Kh8 18. Qxg5 Rb8 19. b3 f4 20. Rad1 Bf5 21. Rd6 h6 22. Qh5 e4 23. Be6 Bxe6 24. Rxe6 f3 25. Rd1 fxg2 26. Rdd6 Rb7 27. Kxg2 Kg8 28. Rxe4 Qa5 29. Re8 Rbf7 30. Rxf8+ Rxf8 31. Qe2 Qxc5 32. Qc4+ Qxc4 33. bxc4 Rf5 34. Rxc6 Ra5 35. Kf3 Rxa2 36. Rc7 a5 37. Ke4 a4 38. Ra7 a3 39. c5 Ra1 40. Kd3 a2 41. Ke2 Rc1 42. Rxa2 Rxc5 43. Kf3 Rg5 44. Ra4 h5 45. Ra6 Kh7 46. Rb6 Rg1 47. Rb7 Kh6 48. Ra7 Kg6 49. Rb7 Kf6 50. Rb5 g6 51. Ra5 Rg5 52. Ra6+ Kg7 53. Ra7+ Kh6 54. Ra6 Rf5+ 55. Kg3 Kg5 56. Ra4 Rb5 57. Rc4 Rb3+ 58. Kg2 Rd3 59. Rc5+ Kf4 60. Rc4+ Kf5 1/2-1/2

[Event "Heraklio op 9th"]
[White "Zournatsidis, Evgenios"]
[Black "Tsiamis, Konstantinos"]
[Site "Heraklion"]
[Round "8"]
[Result "0-1"]
[Date "2005.??.??"]
[WhiteElo "2105"]
[BlackElo "2240"]
[PlyCount "64"]
[EventDate "2005.06.??"]
[EventType "swiss"]
[EventRounds "9"]
[EventCountry "GRE"]
[SourceTitle "EXT 2007"]
[Source "ChessBase"]
[SourceDate "2006.11.23"]
[SourceVersion "1"]
[SourceVersionDate "2006.11.23"]
[SourceQuality "1"]

1. Nf3 d5 2. d4 c6 3. c4 e6 4. Nc3 Nf6 5. e3 Nbd7 6. Bd3 dxc4 7. Bxc4 b5 8. Bd3 Bb7 9. 0-0 a6 10. b3 c5 11. Bb2 cxd4 12. Nxd4 Be7 13. Rc1 0-0 14. Bb1 Qb6 15. Nce2 Rfd8 16. Ng3 Nc5 17. Qe2 b4 18. Nh5 Nce4 19. Nxf6+ Bxf6 20. Qh5 h6 21. Rfe1 Rac8 22. Rxc8 Rxc8 23. Qe2 Nc3 24. Bxc3 bxc3 25. Qc2 Bxd4 26. exd4 Qxd4 27. Rd1 Qg4 28. f3 Bxf3 29. Rd7 Qxg2+ 30. Qxg2 Bxg2 31. Bc2 Bh3 32. Rd1 Bf5 0-1

[Event "Attica-ch op"]
[White "Tsiamis, Konstantinos"]
[Black "Kakadelis, Stratos"]
[Site "Attica"]
[Round "5"]
[Result "1-0"]
[Date "2003.05.14"]
[WhiteElo "2218"]
[BlackElo "2255"]
[PlyCount "83"]
[EventDate "2003.05.??"]
[EventType "swiss"]
[EventRounds "9"]
[EventCountry "GRE"]
[SourceTitle "EXT 2005"]
[Source "ChessBase"]
[SourceDate "2004.11.15"]
[SourceVersion "1"]
[SourceVersionDate "2004.11.15"]
[SourceQuality "1"]

1. e4 e6 2. d4 c5 3. Nf3 cxd4 4. Nxd4 a6 5. Bd3 Qc7 6. 0-0 Nf6 7. c4 h5 8. Nf3 Nc6 9. Bg5 Ng4 10. Nc3 Bc5 11. Bh4 Bd6 12. h3 Bc5 13. Kh1 f6 14. Bg3 Nge5 15. Nxe5 Nxe5 16. Be2 h4 17. Bh2 g5 18. f4 gxf4 19. Rxf4 Ke7 20. Qe1 b6 21. Rxh4 Bb7 22. Rxh8 Rxh8 23. Qg3 Kd8 24. Qg7 Rf8 25. Rd1 Kc8 26. Bxe5 fxe5 27. Na4 Rf2 28. Nxc5 bxc5 29. Bf3 Bc6 30. Qf8+ Qd8 31. Qxc5 Qh4 32. Qf8+ Kb7 33. b4 Rxa2 34. b5 axb5 35. cxb5 Bxb5 36. Rb1 Ra5 37. Qb4 Ka6 38. Be2 Qd8 39. Bxb5+ Ka7 40. Bxd7 Qc7 41. Bxe6 Ra6 42. Bd5 1-0